| 000 | 00691nam a22002177a 4500 | ||
|---|---|---|---|
| 999 |
_c7414 _d7414 |
||
| 003 | OSt | ||
| 005 | 20211102152906.0 | ||
| 008 | 211102b ||||| |||| 00| 0 eng d | ||
| 040 | _cDDC. | ||
| 082 | _a333.823 TIE 2018 | ||
| 100 |
_aTietenberg, Thomas H. _915180 |
||
| 245 | _aEnvironmental and natural resource economics | ||
| 250 | _a11th edition. | ||
| 260 |
_aNew York : _bRoutledge, 2018 _c©2018 |
||
| 300 |
_axxvii, 557 pages : _btables, graphs, charts ; _c26 cm. |
||
| 504 | _aIncludes bibliographical references and index. | ||
| 650 |
_aEnvironmental economics _915181 |
||
| 650 |
_aNatural resources _95657 |
||
| 650 |
_aEnvironmental policy _91624 |
||
| 942 |
_2ddc _cBOOK |
||